| 000 | 00534nam a2200169 i 4500 | ||
|---|---|---|---|
| 001 | 92328 | ||
| 003 | ES-MaACL | ||
| 007 | t| | ||
| 008 | 050225s1974 mx ||||1| spa d | ||
| 100 | 1 |
_aLienhardt, Godfrey. _972248 |
|
| 245 | 1 | 0 |
_aAntropología Social / _cGodfrey Lienhardt; [Traducción de Demetrio Aguilera Malta]. |
| 250 | _a[Primera edición]. | ||
| 260 |
_aMéxico : _bFondo de Cultura Económica, _c1974. |
||
| 300 |
_a278 p. ; _c17 cm. |
||
| 700 | 1 |
_aAguilera Malta, Demetrio. _918778 |
|
| 852 |
_aES-MaACL _jE-6210 _bR.90561 |
||
| 999 |
_c92328 _d92328 |
||